LEADER 01731oam 2200505M 450 001 9910716692903321 005 20210706165749.0 035 $a(CKB)5470000002523232 035 $a(OCoLC)1065592409 035 $a(OCoLC)995470000002523232 035 $a(EXLCZ)995470000002523232 100 $a20071213d1927 ua 0 101 0 $aeng 135 $aurcn||||||||| 181 $ctxt$2rdacontent 182 $cc$2rdamedia 183 $acr$2rdacarrier 200 10$aRelief for short line railroads. February 14, 1927. -- Ordered to be printed 210 1$a[Washington, D.C.] :$c[U.S. Government Printing Office],$d1927. 215 $a1 online resource (3 pages) $ctables 225 1 $aSenate report / 69th Congress, 2nd session. Senate ;$vno. 1475 225 1 $a[United States congressional serial set] ;$v[serial no. 8685.] 300 $aDate of Transportation Act (1920) printed in error. 300 $aBatch processed record: Metadata reviewed, not verified. Some fields updated by batch processes. 300 $aFDLP item number not assigned. 606 $aLegislative amendments 606 $aRailroads$xFreight 606 $aRailroads 606 $aRevenue 606 $aTax exemption 608 $aLegislative materials.$2lcgft 615 0$aLegislative amendments. 615 0$aRailroads$xFreight. 615 0$aRailroads. 615 0$aRevenue. 615 0$aTax exemption. 701 $aPittman$b Key$f1872-1940$pDemocrat (NV)$01410058 801 0$bWYU 801 1$bWYU 801 2$bOCLCO 801 2$bOCLCQ 906 $aBOOK 912 $a9910716692903321 996 $aRelief for short line railroads. February 14, 1927. -- Ordered to be printed$93497962 997 $aUNINA